00979cam a22002897a 4500999001700000001000900017003000400026005001700030008004100047010001700088020001500105035002300120040003200143042001400175043001200189050002300201100002500224245010600249260004700355300002900402500002000431500003900451650006600490650004900556906004500605942003900650 c16973d1697314386896OSt20161118151800.0060523s1993 vaua c 001 0 eng d a 2006276772 a0930163435 a(OCoLC)ocm34174860 aEXRcEXRdOCLCQdBAKERdDLC alccopycat an-us---00aNK7492b.L898 19931 aLy, Tran Duy,d1933-10aCalendar clocks /cTran Duy Ly ; [with history by Chris H. Bailey ; introduction by Larry Rappaport]. aFairfax, Va. :bArlington Book Co.,c1993. a360 p. :bill. ;c29 cm. aIncludes index. aAccompanied by 1993 price up-date. 0aClocks and watchesxCollectors and collectingzUnited States. 0aClocks and watcheszUnited StatesvCatalogs. a7bcbcccopycatd2encipf20gy-gencatlg 2lcccBOOKShREF NK 7492 .L898 1993